00532 2200169 4500245005000000020002200050250001100072100001700083700001600100650002100116005001900137260006900156041001400225084000800239300010600247336000900353 aNaik-Naik ke Puncak BukitcSarah FauziahText a978-602-244-937-9 aCet. 1 aSarah Fauzia aAlima Nufus aCerita Bergambar a20240902104402 aJakartabKementerian pendidikan, kebuayaan, Riset, dan Teknologi aIndonesia a741 aMenggunakan huruf Andika New Basic 20/34, Delight Snowy, Cloudy With a Chance of Love. ii, 30 hlm., : atext